Deutsche Bundeskanzler - Statistiken

Allgemein
  • Dieses Quiz wurde 2.778 mal gespielt
  • Das Durchschnittsergebnis liegt bei 7 aus 9
Antwortstatistiken
Antwort % Korrekt
CDU 2005 - Angela Merkel
99%
CDU 1949 -1963 Konrad Adenauer
95%
CDU 1982 - 1998 Helmut Kohl
94%
SPD 1998 - 2005 Gerhard Schröder
88%
SPD 1974 - 1982 Helmut Schmidt
85%
SPD 1969 - 1974 Willy Brandt
84%
CDU 1963 -1966 Ludwig Erhard
67%
CDU 1966 - 1969 Kurt Georg Kiesinger
62%
FDP 1974 (9 Tage) Walter Scheel
30%
Keine übereinstimmenden Quizze gefunden
Verteilung der Resultate
Anzahl Personen mit jedem Resultat
Perzentil nach korrekt beantworteten Fragen
Ihre Resultats-Entwicklung
Sie haben dieses Quiz noch nicht gespielt